Guess the country - Statistics

General Stats
  • This quiz has been taken 988 times
  • The average score is 10 of 15
Answer Stats
Hint Answer % Correct
3 time zones. Many famous football players like Pelé and Neymar. Country with the most birds in the world. Brazil
91%
Island National bird is the kiwi. World cup winners in rugby. New zealand
89%
Elon Musk is from this country.
They have 3 capitals.
Have hosted a world cup in football.
South africa
85%
The country nearest the north pole.Over 30 but under 40 million people. Justin Bieber is from this country. Canada
79%
Borders Germany. Not landlocked. French fries are from this country. Belgium
78%
Minecraft is made here. Internet code: .se Have won the Eurovision Song Contest. Sweden
75%
Animal on flag. Balkan.
Never won a olympics medal.
Albania
74%
Blue and yellow flag. 9th largest country.
Largest landlocket country.
Kazakhstan
74%
Located in the Caribbean sea. This country is famous for its beaches.Flag looks like the flag of Puerto Rico. Cuba
68%
Top 13 most visited country in Asia. Moon and stars on flag. Smartest country in the world. Singapore
67%
South-western from Iran. Over 10 million people in population. Newest country on earth. South sudan
64%
6 colors on flag.Capital starts on z. North of Egypt. Croatia
53%
Never played a football world cup. Speak spanish.Stars on flag. Venezuela
41%
Country with the best life expirience in Asia.2300 km from Russia. White, red and green flag. Oman
28%
Smaller then Luxembourg. Least guessed country in "countries of the world".Multiply names. São Tomé and Príncipe
28%
No matching quizzes found
Score Distribution
Percent of People with Each Score
Percentile by Number Answered
Your Score History
You have not taken this quiz